Statistiques concernant Drapeau Pays d’Afrique Australe

Cliquez ici pour prendre le quiz!

Statistiques générales

  • Ce quiz a été pris 26 fois
  • Le résultat moyen est 9 sur 10

Statistiques - réponses

Réponse% Correct
Afrique du Sud
100%
Angola
95%
Lesotho
86%
Zimbabwe
86%
Botswana
82%
Eswatini
82%
Namibie
82%
Zambie
82%
Malawi
77%
Mozambique
77%

Distribution des résultats

Percentile par nombre de réponses

% des personnes avec chaque résultat

Votre développement - résultats

Vous n’avez pas pris ce quiz